[Event "Challenge"]
[Site "http://www.queenalice.com/game.php?id=1026976"]
[Date "2012.2.6"]
[Round "-"]
[White "holy_mn"]
[Black "plot24"]
[Result "0-1"]
[WhiteElo "1558"]
[BlackElo "1903"]

1. e4 e5 2. Nf3 Nc6 3. d4 exd4 4. Nxd4 Qf6 5. c3 Bc5 6. Be3 Nge7 7. Qh5 b6 8.
Bc4 O-O 9. b4 Bxd4 10. cxd4 Nxd4 11. Qd1 Nf3+ 12. Qxf3 Qxa1 13. O-O Bb7 14. Rd1
Qf6 15. Rxd7 Qxf3 16. gxf3 Nc6 17. Rxc7 Ne5 18. Na3 Nxf3+ 19. Kg2 Bxe4 20. Re7
Ng5+ 21. Kg3 Ne6 22. Nb5 Rfe8 23. Rd7 Bc6 24. Rd6 Rac8 25. a4 Re7 26. Bxe6 fxe6
27. Bg5 Bxb5 28. Bxe7 Bxa4 29. Rxe6 Rc3+ 30. f3 Kf7 31. Re5 g6 32. Bg5 Rc7 33.
f4 Bd7 34. Bd8 Rb7 35. Re7+ Kg8 36. Kh4 h6 37. Re5 Bf5 38. b5 Rf7 39. Kg3 Kf8
40. h4 Rd7 41. Bf6 Kf7 42. Bh8 Rd8 43. Rxf5+ gxf5 44. Be5 Rd5 45. Bb8 Rxb5 46.
Bxa7 h5 47. Kf3 Ke6 48. Bb8 Rb3+ 49. Kg2 Kd5 50. Kf2 Rh3 51. Bc7 b5 52. Ba5 Rxh4
53. Bd2 Rh2+ 54. Ke3 Rxd2 55. Kxd2 h4 56. Ke2 b4 0-1

[Event "Super Mario Chess"]
[Site "http://www.queenalice.com/game.php?id=1038308"]
[Date "2012.3.12"]
[Round "-"]
[White "holy_mn"]
[Black "Gadou"]
[Result "1-0"]
[WhiteElo "1552"]
[BlackElo "1402"]

1. e4 e5 2. Nf3 Bd6 3. d4 f6 4. c3 h6 5. Bc4 c5 6. dxe5 Qe7 7. Bxg8 Rxg8 8. Qd5
Kf8 9. exd6 Qf7 10. Qxc5 Qe8 11. O-O Na6 12. Qf5 Qe6 13. Qxe6 dxe6 14. Rd1 Bd7
15. Bf4 Nc5 16. Rd4 g5 17. Bg3 e5 18. Rc4 Nd3 19. Rc7 Rd8 20. Rxb7 Bc6 21. Rxa7
Rxd6 22. b3 Nb2 23. Nbd2 Rxd2 24. Nxd2 h5 25. Rc7 Be8 26. Rc5 Nd3 27. Rd5 Nf4
28. Bxf4 gxf4 29. Rd1 Kg7 30. Nf3 Bc6 31. Rd6 Bxe4 32. Nd2 Bg6 33. Nc4 Bc2 34.
Rd7+ Kh6 35. R1d2 Be4 36. f3 Bxf3 37. Rf2 e4 38. Nd2 e3 39. Rxf3 e2 40. Re7
e1=Q+ 41. Rxe1 Kg5 42. g3 Kf5 43. Rxf4+ 1-0

[Event "Super Mario Chessland"]
[Site "http://www.queenalice.com/game.php?id=1050497"]
[Date "2012.4.19"]
[Round "-"]
[White "Gadou"]
[Black "holy_mn"]
[Result "0-1"]
[WhiteElo "1385"]
[BlackElo "1577"]

1. e4 e5 2. Bc4 Qf6 3. Qf3 Bc5 4. Qxf6 Nxf6 5. f3 d6 6. d3 g6 7. c3 Nc6 8. Ne2
Bd7 9. g4 a6 10. Bg5 Ke7 11. b4 Ba7 12. Na3 b5 13. Bb3 a5 14. Nxb5 Bb6 15. c4
axb4 16. O-O-O Be6 17. Rd2 h6 18. Bxf6+ Kxf6 19. Rhd1 h5 20. g5+ Kxg5 21. Rg1+
Kh6 22. Rg3 Be3 23. Nxc7 Bxd2+ 24. Kxd2 Ra7 25. Nxe6 fxe6 26. f4 Rf8 27. f5 exf5
28. Rf3 Raf7 29. c5 Rf6 30. cxd6 Rxd6 31. d4 Nxd4 32. Nxd4 Rxd4+ 33. Ke3 Rxe4+
34. Kf2 Rf4 35. Rxf4 exf4 36. Kf3 Kg5 37. h4+ Kxh4 38. Kxf4 g5+ 39. Kf3 Rc8 40.
Ke2 Rc3 41. Kd2 Rxb3 42. axb3 g4 0-1

[Event "Diary of a Wimpy Chesspiece"]
[Site "http://www.queenalice.com/game.php?id=1066038"]
[Date "2012.5.30"]
[Round "-"]
[White "holy_mn"]
[Black "Gadou"]
[Result "0-1"]
[WhiteElo "1596"]
[BlackElo "1475"]

1. e4 e5 2. Nf3 f6 3. d4 d6 4. Nc3 a6 5. Bc4 b5 6. Bd5 c6 7. Bxg8 Rxg8 8. dxe5
dxe5 9. Qxd8+ Kxd8 10. O-O Nd7 11. g3 a5 12. Rd1 Ba6 13. Be3 b4 14. Na4 Be2 15.
Nb6 Bxd1 16. Rxd1 Ra7 17. Na4 Rb7 18. b3 h6 19. Nh4 g5 20. Nf5 h5 21. Bb6+ Kc8
22. Bxa5 c5 23. Nd6+ Bxd6 24. Rxd6 Rg7 25. Re6 Rg8 26. Ra6 Kb8 27. c4 h4 28. Rc6
Ka7 29. Nxc5 Nxc5 30. Rxc5 Rbb8 31. Rc6 Rgc8 32. Rxf6 Rf8 33. Rg6 Rg8 34. Rd6
Rb7 35. Kg2 g4 36. gxh4 Rh7 37. Kg3 Rf7 38. Bxb4 Rf3+ 39. Kg2 Rg7 40. h3 gxh3+
41. Kxf3 h2 42. Bc5+ Kb7 43. Rd1 Rg1 44. Rxg1 hxg1=Q 45. Bd6 Qd1+ 46. Kg3 Qxd6
47. Kg4 Qd2 48. h5 Qf4+ 49. Kh3 Qxe4 50. a4 Qf3+ 51. Kh4 Qxb3 52. h6 Qxc4+ 53.
Kg5 Qf4+ 54. Kg6 Qxf2 55. Kg7 Qh2 56. h7 e4 57. h8=Q Qxh8+ 58. Kxh8 e3 59. Kg7
e2 60. Kf6 e1=Q 0-1

[Event "You could never make the 'or 2' "]
[Site "http://www.queenalice.com/game.php?id=1085330"]
[Date "2012.7.21"]
[Round "-"]
[White "holy_mn"]
[Black "Gadou"]
[Result "1-0"]
[WhiteElo "1580"]
[BlackElo "1473"]

1. e4 e5 2. Nf3 Bd6 3. Bc4 Nh6 4. d3 Qf6 5. Bg5 Qg6 6. Qd2 Ng4 7. Nc3 Bc5 8. Nd1
h6 9. Bh4 a5 10. h3 Nxf2 11. Nxf2 Qxg2 12. Nxe5 Qxh1+ 13. Nxh1 d6 14. Bxf7+ Kf8
15. Ng6+ Kxf7 16. Nxh8+ Kg8 17. Ng6 Bxh3 18. O-O-O Nc6 19. Qf4 a4 20. Rg1 Nd4
21. Ng3 Ne2+ 22. Nxe2 a3 23. Rg3 Be6 24. d4 axb2+ 25. Kxb2 Ba3+ 26. Kc3 Bxa2 27.
Kd3 b5 28. Ke3 Bc1+ 29. Nxc1 Ra3+ 30. Kf2 Rxg3 31. Kxg3 Bf7 32. Ne7+ Kh7 33.
Qxf7 1-0

[Event "Diaperoos"]
[Site "http://www.queenalice.com/game.php?id=1085581"]
[Date "2012.7.22"]
[Round "-"]
[White "Gadou"]
[Black "holy_mn"]
[Result "0-1"]
[WhiteElo "1513"]
[BlackElo "1553"]

1. e4 e5 2. Bc4 Nf6 3. Qf3 d5 4. exd5 Bg4 5. Qg3 g6 6. Qxe5+ Be7 7. d3 O-O 8.
Bh6 Re8 9. Bb5 Bb4+ 10. Bd2 Rxe5+ 0-1

[Event "Doom on you."]
[Site "http://www.queenalice.com/game.php?id=1093104"]
[Date "2012.8.14"]
[Round "-"]
[White "Gadou"]
[Black "holy_mn"]
[Result "1-0"]
[WhiteElo "1473"]
[BlackElo "1601"]

1. e4 e5 2. d4 Nc6 3. c3 Qe7 4. d5 Na5 5. h4 h5 6. b4 Nc4 7. Bxc4 d6 8. Qa4+ Bd7
9. Bb5 c6 10. dxc6 bxc6 11. Bxc6 O-O-O 12. Qa6+ 1-0

[Event "Doom on me"]
[Site "http://www.queenalice.com/game.php?id=1096501"]
[Date "2012.8.26"]
[Round "-"]
[White "holy_mn"]
[Black "Gadou"]
[Result "1-0"]
[WhiteElo "1566"]
[BlackElo "1529"]

1. e4 e5 2. Nf3 f6 3. Bc4 a6 4. d4 d6 5. b3 c6 6. Ba3 Qa5+ 7. c3 Nh6 8. b4 Qb6
9. Qb3 a5 10. Be6 Nd7 11. Bh3 axb4 12. Qe6+ Be7 13. Bxb4 c5 14. dxc5 Nxc5 15.
Bxc5 Qxc5 16. Qd5 Qxd5 17. exd5 O-O 18. O-O b6 19. Bxc8 Rfxc8 20. Rc1 b5 21. g3
Rc5 22. Rd1 e4 23. Nh4 g5 24. Ng2 g4 25. Ne3 f5 26. Nc2 Bf6 27. Nd4 Rxd5 28. a3
b4 29. Nd2 bxc3 30. N2b3 Rb8 31. Rac1 Rc8 32. Ne2 Rxd1+ 33. Rxd1 c2 34. Rxd6 Kg7
35. a4 Nf7 36. Rd5 Kg6 37. Kg2 Rb8 38. Rb5 Rd8 39. Nf4+ Kg5 40. Ne6+ Kh6 41.
Nxd8 Nxd8 42. Rxf5 Bd4 43. Rd5 Nc6 44. Rd6+ Kg7 45. Rxc6 Be5 46. a5 Bd4 47. Nxd4
1-0

[Event "Chess Wars:  The Pawn Strikes Ba"]
[Site "http://www.queenalice.com/game.php?id=1108001"]
[Date "2012.9.30"]
[Round "-"]
[White "Gadou"]
[Black "holy_mn"]
[Result "0-1"]
[WhiteElo "1485"]
[BlackElo "1589"]

1. e4 e5 2. Bc4 Qf6 3. Qf3 Qxf3 4. Nxf3 Nc6 5. c3 Bc5 6. Ng5 Nd8 7. b4 Bb6 8. b5
Nh6 9. Nf3 d6 10. h3 g6 11. d3 Ng8 12. a4 Be6 13. Na3 f5 14. Ng5 Bxc4 15. Nxc4
Bc5 16. a5 h6 17. Nf3 Ne6 18. d4 exd4 19. O-O fxe4 20. Re1 Nf6 21. Bb2 d3 22.
Nfd2 d5 23. Ne5 g5 24. a6 b6 25. c4 dxc4 26. Nexc4 O-O 27. Bxf6 Rxf6 28. Nxe4
Rf5 29. g4 Rf4 30. Rad1 Rf3 31. Rd2 Raf8 32. Ne5 Rxh3 33. Nxd3 Bd4 34. Ree2 Nf4
35. Nxg5 Nxe2+ 36. Kg2 Rh4 37. Ne6 Rxg4+ 38. Kh3 Re4 39. Nxf8 Kxf8 40. f3 Bc3
41. Rc2 Re3 42. Ne1 Nd4 43. Rc1 Nxf3 44. Nc2 Ng5+ 45. Kg4 Bd2 46. Rf1+ Rf3 47.
Rh1 Rf6 48. Rh2 Ne4 49. Kh5 Bc1 50. Rh3 Nd6 51. Nd4 Bb2 52. Nc6 Nxb5 53. Rh2
Rxc6 54. Rxb2 Nc3 55. Rf2+ Ke8 56. Rg2 b5 57. Rg6 Rxg6 58. Kxg6 Kd7 0-1

[Event "Mama-Mia"]
[Site "http://www.queenalice.com/game.php?id=1120729"]
[Date "2012.11.10"]
[Round "-"]
[White "holy_mn"]
[Black "Gadou"]
[Result "1-0"]
[WhiteElo "1606"]
[BlackElo "1445"]

1. e4 e5 2. Qh5 Qf6 3. Nf3 d6 4. Qg5 Qe7 5. Bb5+ Nd7 6. Bxd7+ Qxd7 7. g3 h6 8.
Qh4 Be7 9. Ng5 Qg4 10. Qxg4 Bxg4 11. Nxf7 Kxf7 12. d3 Bg5 13. O-O Ne7 14. f3 Bh3
15. Re1 Bxc1 16. Rxc1 b5 17. b3 Rac8 18. c4 bxc4 19. dxc4 c6 20. Nc3 Rb8 21. Rd1
Rhd8 22. g4 g5 23. Rd2 Rd7 24. Kf2 h5 25. Kg3 hxg4 26. fxg4 Rh8 27. Ne2 d5 28.
Ng1 Rhd8 29. Rf2+ Kg6 30. Re2 Rh8 31. Nxh3 dxc4 32. bxc4 Rd3+ 33. Kg2 Rhxh3 34.
Kh1 Rd4 35. c5 Rc4 36. Rf2 Rxc5 37. Raf1 Nf5 38. Rxf5 Rh4 39. Rf6+ Kg7 40. Rf7+
Kg6 41. R1f6# 1-0

[Event "2B or knot 2B"]
[Site "http://www.queenalice.com/game.php?id=1129457"]
[Date "2012.12.8"]
[Round "-"]
[White "Gadou"]
[Black "holy_mn"]
[Result "0-1"]
[WhiteElo "1520"]
[BlackElo "1619"]

1. e4 e5 2. Qf3 f6 3. Bc4 Nh6 4. d3 Bc5 5. Bxh6 Qe7 6. Bd2 Bd4 7. c3 Bc5 8. a3
a6 9. b4 Bb6 10. a4 a5 11. b5 c5 12. Ne2 d6 13. Na3 Be6 14. O-O-O Nd7 15. h3 O-O
16. Rhg1 Rfc8 17. g4 g6 18. Rg3 Qf7 19. Bxe6 Qxe6 20. c4 Nf8 21. Rh1 g5 22. h4
gxh4 23. Rxh4 Ng6 24. Rh5 Rc7 25. g5 Rf8 26. gxf6 Rxf6 27. Rf5 Rcf7 28. Rgg5 h6
29. Rxg6+ Rxg6 30. Rxf7 Qxf7 31. Nf4 exf4 32. Kc2 Rf6 33. Qg2+ Kh7 34. e5 dxe5
35. Bc3 Qh5 36. Qxb7+ Kg6 37. Qd5 Qe2+ 38. Bd2 Qxf2 39. Qxe5 f3 40. Qe8+ Kg7 41.
Nb1 Qh2 42. Kc3 f2 43. Qe2 Qg1 44. Be3 Qe1+ 45. Qxe1 fxe1=Q+ 46. Nd2 Qxe3 47.
Ne4 Rf3 0-1

[Event "Elementary, my dear Watson."]
[Site "http://www.queenalice.com/game.php?id=1140107"]
[Date "2013.1.13"]
[Round "-"]
[White "holy_mn"]
[Black "Gadou"]
[Result "1-0"]
[WhiteElo "1635"]
[BlackElo "1490"]

1. e4 e5 2. Nf3 f6 3. d3 d5 4. Nc3 c6 5. b3 Qa5 6. Bd2 d4 7. Nd5 Qd8 8. Nb4 Qb6
9. c3 dxc3 10. Bxc3 Bxb4 11. Qd2 Na6 12. Be2 Qc5 13. Rc1 Bd7 14. Bxb4 Qxb4 15.
Rc3 Nh6 16. O-O g5 17. Rfc1 b5 18. g3 Qd4 19. Nxd4 exd4 20. R3c2 b4 21. Rc4 c5
22. Ra1 Be6 23. Bh5+ Ke7 24. Rc2 Rac8 25. f4 Rhg8 26. f5 Bf7 27. Qe2 g4 28. Rf1
Bxh5 29. Rf4 Kd6 30. Qf1 Ke5 31. a4 Rg5 32. Qc1 Be8 33. Kg2 Bd7 34. h4 Rg7 35.
Rf1 Kd6 36. Qxh6 Rf7 37. Qh5 Be8 38. Qxg4 Kc6 39. Qf4 Kd7 40. g4 Kc6 41. g5 Rg7
42. Kh3 Bh5 43. gxf6 Rg4 44. Qh6 Rcg8 45. Qxh5 Rg3+ 46. Kh2 Rxd3 47. Rf3 Rc3 48.
Rfxc3 bxc3 49. Qh6 d3 50. f7+ Kb7 51. fxg8=Q dxc2 52. Qgxh7+ Nc7 53. Qc1 1-0

[Event "Challenge"]
[Site "http://www.queenalice.com/game.php?id=1147240"]
[Date "2013.1.31"]
[Round "-"]
[White "holy_mn"]
[Black "Thorn985"]
[Result "1-0"]
[WhiteElo "1648"]
[BlackElo "1571"]

1. e4 c5 2. c3 Nf6 3. Qf3 e6 4. Bb5 Nc6 5. Ne2 d5 6. d3 d4 7. Bg5 Be7 8. Bxc6+
bxc6 9. e5 Nd5 10. Bxe7 Nxe7 11. g3 O-O 12. O-O Bb7 13. Nd2 Qd5 14. Nf4 Qxf3 15.
Nxf3 Nd5 16. Ne2 dxc3 17. bxc3 a5 18. a4 Ba6 19. c4 Rad8 20. cxd5 Bxd3 21. Rfe1
cxd5 22. Nf4 c4 23. Nxd3 cxd3 24. Red1 f6 25. Rxd3 h6 26. Rb1 g5 27. exf6 Rxf6
28. Rb7 g4 29. Nd4 e5 30. Nb3 e4 31. Rd4 h5 32. Re7 Kf8 33. Re5 Rf3 34. Rexd5
Rxd5 35. Rxd5 Rxb3 36. Rxa5 Rb1+ 37. Kg2 Rb2 38. Re5 Rb4 39. a5 Ra4 40. Rxh5 e3
41. fxe3 Ra2+ 42. Kf1 Ra1+ 43. Ke2 Ra2+ 44. Kd3 Ra3+ 45. Ke4 Ra4+ 46. Kf5 Rxa5+
47. Kxg4 Rxh5 48. Kxh5 Kf7 49. Kg4 Kf6 50. Kf4 Kg6 51. g4 Kf6 52. h4 Kg6 53. h5+
Kh6 54. e4 Kh7 55. g5 Kg7 56. h6+ Kg6 57. Kg4 Kh7 58. Kh5 Kh8 59. g6 Kg8 60. h7+
Kh8 61. e5 Kg7 62. e6 Kf6 63. h8=Q+ Kf5 64. e7 Kf4 65. e8=Q Kg3 66. Qa4 Kh3 67.
Qc3+ Kg2 68. Qa2+ Kf1 69. Qc1# 1-0

[Event "Use the Little Grey Cells"]
[Site "http://www.queenalice.com/game.php?id=1152742"]
[Date "2013.2.17"]
[Round "-"]
[White "Gadou"]
[Black "holy_mn"]
[Result "1/2-1/2"]
[WhiteElo "1465"]
[BlackElo "1663"]

1. e4 e5 2. c3 Nf6 3. d3 Bc5 4. Nh3 d6 5. Qf3 Bg4 6. Qg3 g6 7. Ng1 Nc6 8. h3 Bh5
9. Bg5 h6 10. Be3 Qe7 11. Be2 O-O-O 12. Bxh5 Nxh5 13. Qg4+ Kb8 14. a3 Bxe3 15.
fxe3 Qf6 16. Nd2 b6 17. Qf3 Kb7 18. g4 Qxf3 19. Ngxf3 Ng3 20. Rg1 Nxe4 21. Nxe4
Na5 22. a4 Nb3 23. Ra3 Na5 24. b4 Nc6 25. a5 bxa5 26. b5 Ne7 27. d4 Kb6 28. c4
a6 29. Kf2 axb5 30. Rb1 Ra8 31. Rxb5+ Kc6 32. d5+ Kd7 33. c5 Nxd5 34. cxd6 f5
35. Nc5+ Kxd6 36. e4 fxe4 37. Nxe4+ Kc6 38. Rb1 Rhe8 39. Rc1+ Kd7 40. Nf6+ Nxf6
41. Rd1+ Ke7 42. Nxe5 g5 43. Re1 h5 44. Ng6+ Kf7 45. Rxe8 Rxe8 46. gxh5 Nxh5 47.
Nh8+ Rxh8 48. Rxa5 Kg6 49. Ra6+ Nf6 50. Kg3 Rh4 51. Kh2 g4 52. Kg3 Kg5 53. Ra5+
Kg6 54. Kxh4 gxh3 55. Kxh3 Ne8 56. Kh4 Kf6 57. Kh5 Ke6 58. Kg6 Kd7 59. Kf7 Nd6+
60. Kf8 c6 61. Ra7+ Ke6 62. Rc7 Kd5 63. Ke7 Nf5+ 64. Kd7 c5 65. Rc6 c4 66. Rf6
Ne3 67. Rf3 Kd4 68. Rf6 Kd3 69. Rc6 1/2-1/2

[Event "Care to draw again?"]
[Site "http://www.queenalice.com/game.php?id=1174037"]
[Date "2013.4.22"]
[Round "-"]
[White "holy_mn"]
[Black "Gadou"]
[Result "1-0"]
[WhiteElo "1654"]
[BlackElo "1466"]

1. e4 e5 2. Nf3 d6 3. c3 c5 4. d4 a6 5. Qa4+ b5 6. Qb3 Qa5 7. Bg5 cxd4 8. Qa3
Qxa3 9. Nxa3 h6 10. cxd4 hxg5 11. dxe5 Be7 12. exd6 Bf6 13. O-O-O Kd8 14. e5 g4
15. exf6 Nxf6 16. Ng5 Rf8 17. Be2 Nc6 18. Rd3 Bf5 19. Re3 Ra7 20. Re1 Rd7 21.
Rd1 Ne4 22. Nxe4 Re8 23. Ng3 Nd4 24. Rxd4 Rxe3 25. fxe3 Ke8 26. Nxf5 f6 27. Bxg4
Rb7 28. Ng3 g6 29. Be6 Kd8 30. Ne4 f5 31. Ng5 b4 32. Nc4 b3 33. Nf7+ Ke8 34. d7+
Kf8 35. d8=Q+ Kg7 36. Qa5 bxa2 37. Qxa2 Re7 38. Qxa6 Kf6 39. Bd5+ Kg7 40. Ng5
Kh6 41. Qf6 Ra7 42. Rh4# 1-0

[Event "The meat's falling off the bones"]
[Site "http://www.queenalice.com/game.php?id=1191218"]
[Date "2013.6.15"]
[Round "-"]
[White "Gadou"]
[Black "holy_mn"]
[Result "1-0"]
[WhiteElo "1417"]
[BlackElo "1664"]

1. e4 e5 2. a3 d5 3. Bb5+ c6 4. Bd3 Nf6 5. Qe2 Bg4 6. f3 Bh5 7. exd5 Qxd5 8. Qe3
Bc5 9. Qe2 Nbd7 10. Nc3 Qd4 11. h3 Qh4+ 12. Kd1 O-O-O 13. Bf5 g5 14. d3 h6 15.
Be3 Bxe3 16. Qxe3 Qg3 17. Qe2 Rhe8 18. Bg4 Bg6 19. b4 b5 20. a4 h5 21. Bxd7+
Rxd7 22. axb5 Rd4 23. Rxa7 Rxb4 24. Ra8+ Kd7 25. bxc6+ Kxc6 26. Rxe8 Nxe8 27.
Ne4 Qf4 28. Nd2 Qd4 29. Nb3 Qc3 30. Qd2 Qxd2+ 31. Kxd2 Nd6 32. Ne2 Nb5 33. Ra1
f5 34. Ra6+ Kd5 35. Rxg6 Na3 36. Kc3 g4 37. Kxb4 Nxc2+ 38. Kb5 Na3+ 39. Kb6 e4
40. fxe4+ fxe4 41. dxe4+ Kxe4 42. Re6+ Kf5 43. Ned4+ Kg5 44. hxg4 Kxg4 45. Rg6+
Kf4 46. Nd2 Ke3 47. N2b3 Nc4+ 48. Kc5 Ne5 49. Rh6 Nd7+ 50. Kd5 Kf2 51. Rxh5 Nf6+
52. Ke5 Nxh5 53. g4 Ng3 54. g5 Nh5 55. g6 Ke3 56. Nf5+ Kf3 57. Nbd4+ Kg4 58. Ne6
Kh3 59. Nf4+ Nxf4 60. Kxf4 1-0

[Event "Always giving a full 50%."]
[Site "http://www.queenalice.com/game.php?id=1221274"]
[Date "2013.10.1"]
[Round "-"]
[White "holy_mn"]
[Black "Gadou"]
[Result "1-0"]
[WhiteElo "1637"]
[BlackElo "1416"]

1. e4 e5 2. Nf3 d6 3. d3 h6 4. Be3 g5 5. d4 Nc6 6. Bc4 Bg7 7. dxe5 dxe5 8. O-O
Qxd1 9. Rxd1 Nf6 10. Bc5 Be6 11. Bxe6 fxe6 12. Nc3 b6 13. Ba3 Kf7 14. Nb5 Rac8
15. g3 g4 16. Nd2 a6 17. Nc3 Rcd8 18. Nc4 Rxd1+ 19. Rxd1 b5 20. Ne3 b4 21. Bxb4
Nxb4 22. a3 Nxc2 23. Nxc2 a5 24. Na4 Ke7 25. b4 axb4 26. Nxb4 Nxe4 27. Nc6+ Kf6
28. Rd7 Ra8 29. Nb2 Rxa3 30. Nc4 Ra1+ 31. Kg2 Rc1 32. N4xe5 Rc2 33. Nxg4+ Kg6
34. Nce5+ Bxe5 35. Nxe5+ Kf5 36. Nd3 c5 37. Kf3 c4 38. Rf7+ Kg6 39. Ne5+ Kg5 40.
h4+ Kh5 41. Kxe4 Re2+ 42. Kd4 c3 43. Nd3 c2 44. Kc3 e5 45. Nc1 Kg6 46. Nxe2 Kxf7
47. Kxc2 Kf6 48. f3 h5 49. Kd3 Kf5 50. Ke3 Kg6 51. Nc3 Kf5 52. Ne4 1-0

[Event "Leave it to Beaver;)"]
[Site "http://www.queenalice.com/game.php?id=1247396"]
[Date "2014.1.12"]
[Round "-"]
[White "Gadou"]
[Black "holy_mn"]
[Result "0-1"]
[WhiteElo "1472"]
[BlackElo "1644"]

1. e4 e5 2. d4 Nf6 3. Qd3 Nc6 4. Bd2 Bb4 5. a3 Bxd2+ 6. Nxd2 d6 7. h3 b6 8. Qe3
Nxd4 9. Bd3 Bb7 10. c3 Ne6 11. Ngf3 Nf4 12. Nh4 g5 13. Qg3 gxh4 14. Bb5+ c6 15.
Qf3 cxb5 16. b4 Qc7 17. Rc1 O-O 18. O-O Rfd8 19. g3 Nxh3+ 20. Kh2 Nxe4 21. Nxe4
Qd7 22. Nf6+ Kg7 23. Nxd7 Bxf3 24. Kxh3 Rxd7 25. gxh4 h5 26. Rg1+ Kf6 27. Rg3
Bg4+ 28. Kh2 Rc8 29. f3 Bf5 30. Rg5 Bg6 31. Kg3 Rdc7 32. Rd1 Ke6 33. f4 Rxc3+
34. Kf2 Rxa3 35. Re1 Rh3 36. fxe5 dxe5 37. Rgxe5+ Kf6 38. Kg2 Rcc3 39. R5e2
Rcg3+ 40. Kf2 Rg4 41. Re6+ Kg7 42. R6e5 Rxb4 43. Kg2 Rhxh4 44. Kg3 a5 45. Re7 a4
46. Ra7 Rbg4+ 47. Kf3 Kh6 48. Re5 Bd3 49. Rxf7 Rg6 50. Rxb5 Bxb5 0-1

[Event "No Rest for the Weary"]
[Site "http://www.queenalice.com/game.php?id=1285339"]
[Date "2014.6.1"]
[Round "-"]
[White "holy_mn"]
[Black "Gadou"]
[Result "1-0"]
[WhiteElo "1639"]
[BlackElo "1560"]

1. e4 e5 2. Nf3 f6 3. Bc4 c6 4. d4 Bb4+ 5. c3 Bd6 6. b3 b5 7. Bxg8 Rxg8 8. c4
Qa5+ 9. Bd2 b4 10. Na3 Na6 11. Nc2 Bb7 12. O-O Qc7 13. dxe5 fxe5 14. Bg5 h6 15.
Be3 g5 16. g3 c5 17. Qd3 O-O-O 18. Rfd1 Rgf8 19. Nfe1 Qc6 20. Kg2 Qxe4+ 21. Qxe4
Bxe4+ 22. Kh3 Bf5+ 23. g4 Be6 24. Rxd6 Rf6 25. Rxa6 Kb7 26. Rd6 Kc7 27. Bxc5 h5
28. Bxb4 hxg4+ 29. Kg3 e4 30. Rad1 e3 31. Nxe3 Rf4 32. Bc5 Rdf8 33. Nd5+ Bxd5
34. R1xd5 R8f7 35. Bxa7 Re4 36. Bb6+ Kc8 37. Rxg5 Rxe1 38. Rxg4 Rg1+ 39. Kh3
Rf3+ 40. Kh4 Rh1 41. Rg8+ Kb7 42. Kg4 Rf7 43. Kh3 Rf3+ 44. Kg2 Rxf2+ 45. Kxf2
Rxh2+ 46. Kg3 Rxa2 47. Rd8 Ka6 48. Ra8+ 1-0

[Event "Chicks and Drinks "]
[Site "http://www.queenalice.com/game.php?id=1323615"]
[Date "2014.11.22"]
[Round "-"]
[White "holy_mn"]
[Black "Gadou"]
[Result "1-0"]
[WhiteElo "1652"]
[BlackElo "1439"]

1. e4 e5 2. Nf3 d6 3. Bc4 Be6 4. Bb5+ c6 5. Ba4 b5 6. Bb3 Bxb3 7. axb3 Qb6 8. b4
h6 9. d3 f6 10. Be3 c5 11. bxc5 dxc5 12. c3 Be7 13. g3 Nc6 14. Qb3 Kf8 15. Nbd2
g5 16. Qe6 Kg7 17. Qf5 Qd8 18. O-O-O Qxd3 19. Nb3 Qc4 20. Kc2 Qe2+ 21. Kc1 c4
22. Rhe1 Qxe1 23. Nxe1 h5 24. Nd2 Nh6 25. Qe6 Rac8 26. Ndf3 Ng4 27. Nc2 Nxe3 28.
Nxe3 a5 29. Nf5+ Kg6 30. Nxe7+ Nxe7 31. Qxe7 g4 32. Rd6 Rcf8 33. Nh4+ Kh6 34.
Nf5+ Kg6 35. Qg7# 1-0

[Event "Should have moved the queen."]
[Site "http://www.queenalice.com/game.php?id=1341728"]
[Date "2015.2.15"]
[Round "-"]
[White "Gadou"]
[Black "holy_mn"]
[Result "1-0"]
[WhiteElo "1480"]
[BlackElo "1659"]

1. e4 e5 2. d4 Nc6 3. d5 Nd4 4. c3 Ne6 5. dxe6 fxe6 6. Qh5+ g6 7. Qxe5 Bg7 8.
Qxg7 Qf6 9. Qxf6 Nxf6 10. f3 b6 11. Bf4 c6 12. Bd6 Bb7 13. Nh3 O-O-O 14. Na3
Rhe8 15. Ng5 Rg8 16. Nf7 Rde8 17. Nh6 Rh8 18. Bd3 c5 19. Nb5 e5 20. Nxa7+ Kd8
21. Nf7# 1-0

[Event "4 years until retirement,LOL;)"]
[Site "http://www.queenalice.com/game.php?id=1361983"]
[Date "2015.5.27"]
[Round "-"]
[White "Gadou"]
[Black "holy_mn"]
[Result "1-0"]
[WhiteElo "1480"]
[BlackElo "1636"]

1. e4 e5 2. d4 Nc6 3. d5 Nb4 4. c3 Na6 5. a3 Nc5 6. b4 Na6 7. Bc4 Qh4 8. g3
Qxe4+ 9. Qe2 Qxh1 10. Qxe5+ Ne7 11. Kf1 Qxh2 12. Bf4 d6 13. Bb5+ c6 14. dxc6
dxe5 15. cxb7+ Bd7 16. bxa8=Q+ Nc8 17. Bxd7+ Kxd7 18. Qb7+ Nc7 19. Bxe5 Bd6 20.
Bxg7 Rg8 21. Nd2 Rxg7 22. Ne4 Rg6 23. Nxd6 Rxd6 24. Qf3 f6 25. Qf5+ Kd8 26. Qf4
Nd5 27. Qd4 Ndb6 28. Qg4 Rd2 29. Qg8+ Kc7 30. Qf7+ Kb8 31. Qxf6 Nc4 32. Qf4+
N8d6 33. Re1 Kb7 34. a4 Ra2 35. a5 Na3 36. Qf3+ Ka6 37. Qc6# 1-0

[Event "Utah floods hope all is well;)"]
[Site "http://www.queenalice.com/game.php?id=1384342"]
[Date "2015.9.20"]
[Round "-"]
[White "holy_mn"]
[Black "Gadou"]
[Result "0-1"]
[WhiteElo "1614"]
[BlackElo "1482"]

1. e4 e5 2. Nf3 f6 3. c4 c5 4. Qa4 Qb6 5. g3 Qb4 6. Qxb4 cxb4 7. d3 Bc5 8. b3
Nc6 9. Bh3 Nd4 10. Bg4 Nc2+ 11. Kd2 Nxa1 12. Bb2 Nxb3+ 13. axb3 Bxf2 14. Rf1 Bc5
15. h4 h5 16. Bf5 Ne7 17. Bh3 a5 18. Kc2 g6 19. Nbd2 a4 20. bxa4 Rxa4 21. Nb3
O-O 22. Nxc5 Ra5 23. Nb3 Ra6 24. d4 f5 25. Nxe5 fxe4 26. Re1 Rf2+ 27. Nd2 Raf6
28. Rxe4 Rh2 29. Bf1 Rff2 30. Bc1 Nf5 31. Nxg6 Kf7 32. Ne5+ Kf6 33. Kb3 Nxg3 34.
Re1 Rxh4 35. d5 d6 36. Nef3 Bg4 37. Ne4+ Nxe4 38. Ng1 Rhh2 39. Bd3 Nd2+ 40. Kxb4
Nf3 41. Ne2 Nxe1 42. Be4 Rxe2 43. Bh7 Bf5 44. Bf4 Nd3+ 45. Kb5 Rb2+ 46. Ka5 Nxf4
47. Bg8 Ra2+ 48. Kb6 Rhb2+ 49. Kc7 b5 50. cxb5 Rxb5 51. Kxd6 Ra6+ 52. Kc7 Nxd5+
53. Kd8 Ra8# 0-1